000 01863cam a22004217a 4500
999 _c478437
_d478437
001 15056224
003 NUST
005 20180530035339.0
008 071023s2007 enka b 101 0 eng d
010 _a 2007534160
015 _aGBA752663
_2bnb
016 7 _a013783232
_2Uk
020 _a9780521863476
020 _a0521863473
035 _a(OCoLC)ocn145611443
038 _aSNS Library
040 _aDNO
_cDNO
_dUKM
_dBAKER
_dIXA
_dYDXCP
_dBTCTA
_dIQU
_dDLC
042 _alccopycat
050 0 0 _aQB843.B55
_bI575 2006
082 0 4 _a523.8875
_222
100 _aInternational Astronomical Union.
_910611
110 2 _aInternational Astronomical Union.
_bSymposium
_n(238th :
_d2006 :
_cPrague, Czech Republic)
_910612
245 1 0 _aBlack holes from stars to galaxies, across the range of masses :
_bproceedings of the 238th Symposium of the International Astronomical Union, held in Prague, Czech Republic August 21-25, 2006 /
_cedited by Vladimír Karas and Giorgio Matt.
260 _aCambridge, U.K. ;
_aNew York :
_bCambridge University Press,
_c2007.
300 _axviii, 482 p. :
_bill. ;
_c26 cm.
490 1 _aIAU symposium proceedings series,
_x1743-9213
504 _aIncludes bibliographical references and index.
650 0 _aBlack holes (Astronomy)
_vCongresses.
_910613
650 0 _aGalaxies
_vCongresses.
_910614
700 1 _aKaras, Vladimír.
_910615
700 1 _aMatt, Giorgio.
_910616
830 0 _aIAU symposium and colloquium proceedings series.
_910617
856 4 1 _uhttp://journals.cambridge.org/action/displayIssue?jid=IAU&volumeId=2&issueId=S238
856 4 2 _3Publisher description
_uhttp://www.loc.gov/catdir/enhancements/fy0803/2007534160-d.html
906 _a7
_bcbc
_ccopycat
_d2
_encip
_f20
_gy-gencatlg
942 _2ddc
_cBK